000 00799aas a2200205 4500
999 _c49865
_d49865
001 768714001
003 CO-MdFUSB
005 20171019103115.0
008 171018s1999 xxu||||| |||| 00| 0 eng d
022 _a0277-9935
040 _aCO-MdFUSB
_bspa
_cCO-MdFUSB
_dCO-MdFUSB
041 _aeng
100 1 _aClark, Chapman R.
_eautor
242 _aCreando un lugar para una nueva generación :
_buna perspectiva eclesiológica en su ministerio
245 1 0 _aCreating a place for a new generation :
_ban ecclesiological perspective on youth ministry
_c/ Chapman R. Clark
300 _aVolumen 3. Número 2 (1999), páginas 93-107
_c: 23 cm.
546 _aTexto en inglés
773 0 _tChristian education journal
_049475
_960884
_gVolumen 3. Número 2 (1999), páginas 93-107
_qPágina 93
942 _cANA